000 00631nam a2200229Ia 4500
005 20250508164538.0
008 008 250505s9999 xx 000 0 eng d
037 _aReference
040 _aFEDL
_beng
_cFEDL
041 _aeng
_2eng
084 _a370.15, SKI/RR
_qFEDL
100 _aSkinner Charles E Ed.
245 0 _aEducational psychology
250 _a4
260 _aNew Delhi, India
_bPrentice Hall of India Private Limited
_c1992
300 _ax,755p.
365 _aINR
_b89
546 _aMACESE
650 _aEducational psychology
942 _cREF
_h370.15, SKI/RR
999 _c1389716
_d1389716